|
|
|
|
| LEADER |
00950nab#a2200325#ar4500 |
| 001 |
000105913 |
| 003 |
SVKKK |
| 005 |
20110909153530.0 |
| 008 |
110118c2010 xo |||||||||||||||b|slo |
| FMT |
|
|
|
| 015 |
|
|
|a SNBRB2011/09
|
| 038 |
|
|
|a SVKKK
|
| 040 |
|
|
|a SVKKK
|b slo
|e AACR2
|
| 041 |
0 |
|
|a slo
|
| 044 |
|
|
|a xo
|c SK
|
| 080 |
|
|
|a 504.06
|x (437.6)
|2 1997
|
| 080 |
|
|
|a 82:061.7
|x (437.6)
|2 1997
|
| 100 |
1 |
|
|a Huba, Mikuláš
|4 aut
|
| 245 |
1 |
0 |
|a Študenti o svojom vzťahu ku krajine
|b (o výsledkoch 9. ročníka súťaže esejí)
|c Mikuláš Huba
|
| 300 |
|
|
|b Fotogr.
|
| 611 |
2 |
4 |
|a Udržateľný spôsob života
|x súťaž esejí
|n (9. :
|d 28.10.2010 :
|c Bratislava, Slovensko)
|
| 650 |
0 |
4 |
|a literárne súťaže
|
| 650 |
0 |
4 |
|a ochrana životného prostredia
|z Slovensko
|
| 773 |
0 |
|
|t Životné prostredie
|g Roč. 44, č. 5 (2010), s. 276-278
|x 0044-4863
|
| 974 |
|
|
|a MI
|
| 992 |
|
|
|a RBX
|
| BAS |
|
|
|
| 852 |
|
|
|a SVKKK
|b BIB
|
| EXP |
|
|
|
| 998 |
|
|
|a SLO
|